Els Segells i els escuts municipals / Ángeles González Vera, Manuel Luengo Carrasco
Descripción Física:
[13] p. : il., [2] p. pleg. ; 20 x 21 cm
Otros Autores:
Luengo Carrasco, Manuel, 1962-
MARC
| LEADER | 00000nam a2200000Ia 4500 | ||
|---|---|---|---|
| 001 | 11228 | ||
| 003 | BGR | ||
| 005 | 20260324175415.0 | ||
| 008 | 160829s1995 xx 000 0 cat d | ||
| 080 | |a FU-16-7 | ||
| 100 | |a González Vera, Ángeles |9 32175 | ||
| 245 | |a Els Segells i els escuts municipals / Ángeles González Vera, Manuel Luengo Carrasco | ||
| 260 | |a Viladecans : |b Ajuntament. Arxiu Municipal, |c 1995 | ||
| 300 | |a [13] p. : |b il., [2] p. pleg. ; |c 20 x 21 cm | ||
| 650 | |a Viladecans. Ajuntament |x Heràldica |9 32176 | ||
| 650 | |a Sigil·lografia |x Viladecans |9 32177 | ||
| 650 | |a Heràldica |x Viladecans |9 32178 | ||
| 700 | 1 | |a Luengo Carrasco, Manuel, |d 1962- |9 32179 | |
| 710 | 1 | |a Viladecans (Catalunya). |b Ajuntament |9 54292 | |
| 710 | 2 | |a Arxiu Municipal de Viladecans |9 54293 | |
| 901 | |a Arxiu | ||
| 942 | |n 1 |2 udc |c MON | ||
| 952 | |0 0 |1 0 |4 0 |6 FU167 |7 1 |9 45895 |a Arxiu |b Arxiu |d 2016-12-01 |l 0 |o FU-16-7 |p 11228 |r 2016-12-01 00:00:00 |w 2016-12-01 |y ARXIU | ||
| 999 | |c 49396 |d 49396 | ||